000 00630nam a22002177a 4500
003 UA-OsUOA
001 108996
007 ta
008 20141125b un ||||| |||| 00| 0 ukr d
100 _aШтань М.
090 _a330
_bШ87
942 _cSA
040 _aUA-OsUOA
_bukr
_cUA-OsUOA
_dUA-OsUOA
245 _aПроблеми та перспективи формування офшорних зон в економіці
300 _aС.20-28
955 _a0
041 _aukr
080 _a330
773 0 _w108995
_tБанківська справа
_dК.
_d2014
_g8
650 7 _a330 Економіка взагалі
_2UDC
999 _c395095
_d395095